[Event "Stare Mesto Slavia Kromeriz op 2nd"]
[Site "Stare Mesto"]
[Date "2024.03.28"]
[Round "1"]
[White "Sudrich, Radek1"]
[Black "Vylicil, Adam"]
[Result "0-1"]
[WhiteElo "1722"]
[BlackElo "1973"]
[PlyCount "46"]
[EventDate "2024.03.28"]
[EventType "swiss"]
[EventRounds "7"]
[EventCountry "CZE"]
[SourceTitle "CBM 219 Extra"]
[Source "ChessBase"]
[SourceDate "2024.05.31"]
[SourceVersion "1"]
[SourceVersionDate "2024.05.31"]
[SourceQuality "1"]

1. e4 c5 2. Nf3 e6 3. d4 cxd4 4. Nxd4 a6 5. Nc3 Qc7 6. Be3 Nf6 7. Be2 Bb4 8. 0-0 Bxc3 9. bxc3 Nxe4 10. c4 d6 11. Bd3 Nf6 12. Rb1 Nbd7 13. c3 0-0 14. Qf3 Ne5 15. Qe2 Rb8 16. Nf3 Ned7 17. Qc2 b6 18. Nd2 Bb7 19. f3 Rfc8 20. Ne4 Bxe4 21. fxe4 Ne5 22. Be2 Nxc4 23. Bg5 Qc5+ 0-1

[Event "CZE-chT1E 2324"]
[Site "Czech Republic"]
[Date "2024.02.04"]
[Round "7.8"]
[White "Vylicil, Adam"]
[Black "Holeksa, Zdenek"]
[Result "1/2-1/2"]
[WhiteElo "1945"]
[BlackElo "2289"]
[PlyCount "69"]
[EventDate "2023.10.22"]
[EventType "team-tourn"]
[EventRounds "11"]
[EventCountry "CZE"]
[SourceTitle "EXT 2025"]
[Source "ChessBase"]
[SourceDate "2024.10.14"]
[SourceVersion "1"]
[SourceVersionDate "2024.10.14"]
[SourceQuality "1"]
[WhiteTeam "Stare Mesto"]
[BlackTeam "Frydek Mistek II"]
[WhiteTeamCountry "CZE"]
[BlackTeamCountry "CZE"]

1. d4 Nf6 2. c4 g6 3. g3 d5 4. cxd5 Nxd5 5. Bg2 Bg7 6. e4 Nb6 7. Ne2 c5 8. d5 e6 9. Nec3 0-0 10. 0-0 exd5 11. exd5 Na6 12. Nd2 Nb4 13. Nde4 c4 14. Bg5 f6 15. Be3 Re8 16. Nc5 Bf8 17. a3 Na6 18. Nxa6 bxa6 19. a4 Bb7 20. a5 Nd7 21. Qa4 Ne5 22. Bd4 Rc8 23. Bxa7 Nd3 24. Bb6 Qd6 25. Ne4 Rxe4 26. Bxe4 Nxb2 27. Qa2 c3 28. Qb3 f5 29. Bg2 Bg7 30. Be3 Ba8 31. Bf4 Qd8 32. d6+ Kh8 33. Bxa8 Rxa8 34. Qb6 g5 35. Qxd8+ 1/2-1/2

[Event "Stare Mesto op"]
[Site "Stare Mesto"]
[Date "2023.08.06"]
[Round "2"]
[White "Babula, Vlastimil1"]
[Black "Vylicil, Adam"]
[Result "1-0"]
[WhiteElo "2297"]
[BlackElo "1909"]
[PlyCount "81"]
[EventDate "2023.08.05"]
[EventType "swiss"]
[EventRounds "9"]
[EventCountry "CZE"]
[SourceTitle "EXT 2024"]
[Source "ChessBase"]
[SourceDate "2023.10.10"]
[SourceVersion "1"]
[SourceVersionDate "2023.10.10"]
[SourceQuality "1"]

1. d4 Nf6 2. Nc3 e6 3. e4 d5 4. e5 Nfd7 5. f4 c5 6. Nf3 Nc6 7. Be3 Be7 8. Qd2 0-0 9. dxc5 Qa5 10. a3 a6 11. Bd3 Nxc5 12. 0-0 Nxd3 13. cxd3 Rd8 14. b4 Qc7 15. Ne2 Bd7 16. Rac1 Rdc8 17. Qe1 Qd8 18. Qf2 b5 19. Bb6 Qe8 20. Nfd4 Nxd4 21. Qxd4 Bd8 22. Rxc8 Rxc8 23. Bc5 a5 24. Rc1 Bc7 25. Ng3 Qd8 26. Rf1 f5 27. Rc1 axb4 28. axb4 Bb6 29. Nf1 Qc7 30. Nd2 Bxc5 31. Rxc5 Qb7 32. Nb3 Kf7 33. Kf2 Ke7 34. Ke3 h6 35. g3 g5 36. Rxc8 Qxc8 37. Qc5+ Kf7 38. Qd6 Qc6 39. Qxc6 Bxc6 40. Kd4 Be8 41. Kc5 1-0

[Event "Ceske Budejovice op-A"]
[Site "Ceske Budejovice"]
[Date "2023.07.07"]
[Round "7"]
[White "Svacina, Tobias"]
[Black "Vylicil, Adam"]
[Result "0-1"]
[WhiteElo "1849"]
[BlackElo "1967"]
[PlyCount "64"]
[EventDate "2023.07.01"]
[EventType "swiss"]
[EventRounds "9"]
[EventCountry "CZE"]
[SourceTitle "CBM 215 Extra"]
[Source "ChessBase"]
[SourceDate "2023.09.30"]
[SourceVersion "1"]
[SourceVersionDate "2023.09.30"]
[SourceQuality "1"]

1. e4 e6 2. d4 d5 3. Nc3 Nf6 4. Bg5 Be7 5. e5 Nfd7 6. Bxe7 Qxe7 7. f4 a6 8. Nf3 c5 9. Qd2 Nc6 10. Bd3 cxd4 11. Ne2 Qb4 12. Qxb4 Nxb4 13. Nexd4 0-0 14. a3 Nc6 15. Kd2 Ndb8 16. Rae1 Bd7 17. c3 Nxd4 18. Nxd4 Nc6 19. g3 Rfc8 20. Rb1 g6 21. h4 Nxd4 22. cxd4 Bb5 23. Rhc1 f5 24. Rxc8+ Rxc8 25. Bxb5 axb5 26. Rc1 Rxc1 27. Kxc1 Kg7 28. Kd2 Kh6 29. Ke3 Kh5 30. Ke2 Kg4 31. Kf2 Kh3 32. Kf3 h5 0-1

[Event "CZE-ch Amateur"]
[Site "Hluk"]
[Date "2023.05.09"]
[Round "6"]
[White "Vylicil, Adam"]
[Black "Paseka, Matyas"]
[Result "0-1"]
[WhiteElo "1936"]
[BlackElo "2127"]
[PlyCount "130"]
[EventDate "2023.05.06"]
[EventType "swiss"]
[EventRounds "9"]
[EventCountry "CZE"]
[SourceTitle "CBM 214 Extra"]
[Source "ChessBase"]
[SourceDate "2023.07.31"]
[SourceVersion "1"]
[SourceVersionDate "2023.07.31"]
[SourceQuality "1"]

1. d4 Nf6 2. c4 g6 3. Nc3 Bg7 4. e4 d6 5. Be2 0-0 6. Nf3 e5 7. 0-0 Nc6 8. d5 Ne7 9. Ne1 Nd7 10. Nd3 f5 11. f3 f4 12. b4 g5 13. c5 Nf6 14. a4 h5 15. Nf2 Kh7 16. a5 Rf7 17. Kh1 Bf8 18. Rg1 Neg8 19. c6 Nh6 20. g4 hxg4 21. fxg4 Kg6 22. h4 Rh7 23. h5+ Kg7 24. Kg2 Rb8 25. cxb7 Bxb7 26. b5 Kh8 27. Kf1 Rf7 28. Ke1 Nd7 29. a6 Bc8 30. Nd3 Nf6 31. Nb4 Bd7 32. Nc6 Bxc6 33. bxc6 Rb4 34. Ra4 Qb8 35. Rxb4 Qxb4 36. Qd3 Nxe4 37. Qxe4 Qxc3+ 38. Bd2 Qa3 39. Rf1 Qg3+ 40. Kd1 Nxg4 41. Qg6 Nh6 42. Qe6 f3 43. Bd3 f2 44. Bg6 Qb3+ 45. Bc2 Qc4 46. Qh3 Qxd5 47. Bb3 Qf3+ 48. Qxf3 Rxf3 49. Bd5 Rd3 50. Rxf2 Be7 51. Bc4 Rd4 52. Be2 d5 53. Kc2 Ra4 54. Kb3 Ra3+ 55. Kb2 Ra4 56. Bb5 Rf4 57. Bxf4 gxf4 58. Rd2 d4 59. Bd3 Ng4 60. Bf5 Ne3 61. Be6 Bb4 62. Rh2 d3 63. Bb3 d2 64. h6 f3 65. Rf2 d1Q 0-1

[Event "CZE-chT2E 2223"]
[Site "Czech Republic"]
[Date "2023.01.22"]
[Round "7.5"]
[White "Vylicil, Adam"]
[Black "Pavlik, Petr"]
[Result "1-0"]
[WhiteElo "1927"]
[BlackElo "1904"]
[PlyCount "49"]
[EventDate "2022.10.16"]
[EventType "team-tourn"]
[EventRounds "11"]
[EventCountry "CZE"]
[SourceTitle "EXT 2024"]
[Source "ChessBase"]
[SourceDate "2023.10.10"]
[SourceVersion "1"]
[SourceVersionDate "2023.10.10"]
[SourceQuality "1"]
[WhiteTeam "Brno Lokomotiva"]
[BlackTeam "Litovel Tatran"]
[WhiteTeamCountry "CZE"]
[BlackTeamCountry "CZE"]

1. d4 d5 2. c4 e6 3. Nf3 Nf6 4. g3 Be7 5. Bg2 0-0 6. 0-0 c6 7. Nbd2 Nbd7 8. Qc2 Re8 9. Rd1 Bf8 10. e4 dxe4 11. Nxe4 Nxe4 12. Qxe4 Nf6 13. Qc2 Bd6 14. b3 Qc7 15. c5 Be7 16. Bf4 Qd8 17. Ne5 a5 18. Nc4 Nd5 19. Bd2 Bf8 20. a4 Bd7 21. Rac1 Qc7 22. Qd3 Red8 23. Bxd5 exd5 24. Nb6 Ra6 25. Bf4 1-0

[Event "CZE-chT2E 2223"]
[Site "Czech Republic"]
[Date "2022.12.04"]
[Round "4.4"]
[White "Vylicil, Adam"]
[Black "Svancara, Petr"]
[Result "1/2-1/2"]
[WhiteElo "1927"]
[BlackElo "2114"]
[PlyCount "49"]
[EventDate "2022.10.16"]
[EventType "team-tourn"]
[EventRounds "11"]
[EventCountry "CZE"]
[SourceTitle "EXT 2024"]
[Source "ChessBase"]
[SourceDate "2023.10.10"]
[SourceVersion "1"]
[SourceVersionDate "2023.10.10"]
[SourceQuality "1"]
[WhiteTeam "Brno Lokomotiva"]
[BlackTeam "Grygov"]
[WhiteTeamCountry "CZE"]
[BlackTeamCountry "CZE"]

1. d4 Nf6 2. c4 e6 3. g3 Bb4+ 4. Bd2 a5 5. Bg2 Nc6 6. Nf3 0-0 7. 0-0 Re8 8. Bg5 h6 9. Bxf6 Qxf6 10. c5 a4 11. a3 Ba5 12. Qxa4 b5 13. Qd1 Bb7 14. e3 d6 15. Nbd2 b4 16. Nb3 bxa3 17. bxa3 Reb8 18. Nfd2 d5 19. Qc2 Qd8 20. Rfd1 Qe8 21. Re1 Ne7 22. Nxa5 Rxa5 23. Reb1 Bc6 24. Qc3 Rba8 25. Rb4 1/2-1/2

[Event "Zlin Region-chT 2223"]
[Site "Czech Republic"]
[Date "2022.10.09"]
[Round "1.6"]
[White "Machalik, Marek"]
[Black "Vylicil, Adam"]
[Result "1/2-1/2"]
[WhiteElo "1905"]
[BlackElo "1927"]
[PlyCount "31"]
[EventDate "2022.10.09"]
[EventType "team-tourn"]
[EventRounds "11"]
[EventCountry "CZE"]
[SourceTitle "EXT 2024"]
[Source "ChessBase"]
[SourceDate "2023.10.10"]
[SourceVersion "1"]
[SourceVersionDate "2023.10.10"]
[SourceQuality "1"]
[WhiteTeam "Postoupky Sokol"]
[BlackTeam "Stare Mesto II"]
[WhiteTeamCountry "CZE"]
[BlackTeamCountry "CZE"]

1. e4 e6 2. d4 d5 3. Nc3 Nf6 4. Bg5 dxe4 5. Nxe4 Be7 6. Bxf6 gxf6 7. Nf3 f5 8. Nc3 a6 9. Bc4 b5 10. Bb3 Nd7 11. Qe2 c5 12. dxc5 Nxc5 13. Ne5 Bb7 14. Qh5 0-0 15. 0-0 Bf6 16. Rfe1 1/2-1/2

[Event "Olomouc op 23rd"]
[Site "Olomouc"]
[Date "2022.08.14"]
[Round "3"]
[White "Al Ali, Hussein Ali Hussein"]
[Black "Vylicil, Adam"]
[Result "1-0"]
[WhiteElo "2235"]
[BlackElo "1985"]
[PlyCount "153"]
[EventDate "2022.08.13"]
[EventType "swiss"]
[EventRounds "9"]
[EventCountry "CZE"]
[SourceTitle "CBM 209 Extra"]
[Source "ChessBase"]
[SourceDate "2022.09.30"]
[SourceVersion "1"]
[SourceVersionDate "2022.09.30"]
[SourceQuality "1"]

1. e4 e6 2. d3 d5 3. Nd2 Nf6 4. Ngf3 c5 5. g3 Nc6 6. Bg2 Be7 7. 0-0 0-0 8. Re1 Qc7 9. c3 b5 10. a3 Bb7 11. e5 Nd7 12. d4 Qb6 13. Nf1 a5 14. h4 a4 15. Be3 cxd4 16. Bxd4 Nxd4 17. Nxd4 Bc5 18. Ne3 Bxd4 19. Qxd4 Qxd4 20. cxd4 Nb6 21. b3 axb3 22. Reb1 Nc4 23. Rxb3 Bc6 24. Nc2 Ra7 25. Bf1 Rfa8 26. Rc3 Kf8 27. Bd3 h6 28. Be2 Bd7 29. f3 Ke7 30. Kf2 Ra4 31. Rb3 R4a7 32. Ke1 Na5 33. Rc3 Nc4 34. f4 b4 35. Nxb4 Rxa3 36. Rcxa3 Rxa3 37. Rxa3 Nxa3 38. Kd2 Bb5 39. Bf3 Nc4+ 40. Kc3 Ne3 41. h5 Nf5 42. g4 Nh4 43. Bd1 f5 44. exf6+ Kxf6 45. Kd2 Bc4 46. Ke3 g6 47. hxg6 Nxg6 48. Nc6 Bb5 49. Ne5 Nxe5 50. dxe5+ Ke7 51. f5 Bd7 52. Kf4 Kf7 53. f6 Kg8 54. g5 hxg5+ 55. Kxg5 Be8 56. Be2 Kh7 57. Bd3+ Kg8 58. Kh6 Kf8 59. Kg5 Kg8 60. Kf4 Kf7 61. Ke3 Ba4 62. Kd4 Bd1 63. Kc5 Bg4 64. Kd6 Bh5 65. Bc2 Bg4 66. Bd3 Bh3 67. Be2 Bf5 68. Bh5+ Kf8 69. Kc5 Bh7 70. Bg4 Bg8 71. Kd6 Bf7 72. Bxe6 Bxe6 73. Kxe6 d4 74. f7 d3 75. Kf6 d2 76. e6 d1Q 77. e7# 1-0

[Event "CZE-chT1E 2122"]
[Site "Czech Republic"]
[Date "2022.02.20"]
[Round "9.8"]
[White "Vylicil, Adam"]
[Black "Bednarik, Josef"]
[Result "0-1"]
[WhiteElo "1860"]
[BlackElo "2146"]
[PlyCount "44"]
[EventDate "2021.10.09"]
[EventType "team-tourn"]
[EventRounds "11"]
[EventCountry "CZE"]
[SourceTitle "EXT 2023"]
[Source "ChessBase"]
[SourceDate "2022.10.05"]
[SourceVersion "1"]
[SourceVersionDate "2022.10.05"]
[SourceQuality "1"]
[WhiteTeam "Stare Mesto"]
[BlackTeam "Hostalkova"]
[WhiteTeamCountry "CZE"]
[BlackTeamCountry "CZE"]

1. d4 d5 2. Nf3 Nf6 3. g3 e6 4. c4 Be7 5. Bg2 0-0 6. 0-0 Nbd7 7. cxd5 exd5 8. Nc3 c6 9. Bf4 Re8 10. Rb1 Nf8 11. b4 a6 12. a4 Bf5 13. Rb2 Ng6 14. Bg5 h6 15. Bc1 Nd7 16. Ne1 Nb6 17. f3 Nc4 18. Rb3 Bf6 19. Kf2 Qd6 20. e3 Re7 21. Nd3 Rae8 22. Re1 Nxe3 0-1

[Event "CZE-chT1E 2122"]
[Site "Czech Republic"]
[Date "2022.02.19"]
[Round "8.7"]
[White "Vylicil, Adam"]
[Black "Kovarik, Matyas"]
[Result "1/2-1/2"]
[WhiteElo "1860"]
[BlackElo "1956"]
[PlyCount "83"]
[EventDate "2021.10.09"]
[EventType "team-tourn"]
[EventRounds "11"]
[EventCountry "CZE"]
[SourceTitle "EXT 2023"]
[Source "ChessBase"]
[SourceDate "2022.10.05"]
[SourceVersion "1"]
[SourceVersionDate "2022.10.05"]
[SourceQuality "1"]
[WhiteTeam "Stare Mesto"]
[BlackTeam "Vsetin"]
[WhiteTeamCountry "CZE"]
[BlackTeamCountry "CZE"]

1. d4 d5 2. Nf3 Nf6 3. g3 g6 4. Bg2 Bg7 5. c4 dxc4 6. Nbd2 0-0 7. Nxc4 Be6 8. Nfe5 Bd5 9. f3 Nbd7 10. e4 Bxc4 11. Nxc4 c5 12. d5 b5 13. Ne3 c4 14. 0-0 Nc5 15. e5 Nfd7 16. f4 Rc8 17. Bd2 Qb6 18. Kh1 Nd3 19. Qc2 Qd4 20. Nd1 Qc5 21. Be3 Qc7 22. Nf2 N7c5 23. Nxd3 Nxd3 24. b3 Nb4 25. Qc3 a5 26. a3 Nd3 27. bxc4 bxc4 28. Rab1 f6 29. d6 exd6 30. Rb7 Qd8 31. e6 Qe8 32. e7 Rf7 33. Bd5 f5 34. Bd4 Bxd4 35. Qxd4 Rc5 36. Rfb1 Rxd5 37. Qxd5 Kg7 38. Qd4+ Kh6 39. Qxc4 Nc5 40. Rb8 Qxe7 41. R8b2 Qa7 42. Kg2 1/2-1/2

[Event "CZE-chT2E 2122"]
[Site "Czech Republic"]
[Date "2021.12.05"]
[Round "4.4"]
[White "Kisa, Lubomir"]
[Black "Vylicil, Adam"]
[Result "1-0"]
[WhiteElo "2178"]
[BlackElo "1934"]
[PlyCount "61"]
[EventDate "2021.10.17"]
[EventType "team-tourn"]
[EventRounds "11"]
[EventCountry "CZE"]
[SourceTitle "EXT 2024"]
[Source "ChessBase"]
[SourceDate "2023.10.10"]
[SourceVersion "1"]
[SourceVersionDate "2023.10.10"]
[SourceQuality "1"]
[WhiteTeam "Brno VSK Univ"]
[BlackTeam "Stare Mesto II"]
[WhiteTeamCountry "CZE"]
[BlackTeamCountry "CZE"]

1. Nf3 d5 2. d4 Nf6 3. g3 Bf5 4. Bg2 e6 5. 0-0 c5 6. c4 Nc6 7. cxd5 Nxd5 8. Nc3 Nxc3 9. bxc3 Be7 10. Be3 Qa5 11. Qb3 0-0 12. Qxb7 Be4 13. Ne5 Bxg2 14. Nxc6 Bxc6 15. Qxc6 Rac8 16. Qb7 Rc7 17. Qb3 Qa6 18. Rfe1 Rfc8 19. Rab1 Qa5 20. a4 cxd4 21. Bxd4 e5 22. Be3 Rxc3 23. Qb5 Qc7 24. Rec1 Qc4 25. Rxc3 Qxc3 26. Bxa7 Rd8 27. Be3 Qc2 28. a5 Rd1+ 29. Rxd1 Qxd1+ 30. Kg2 Qc2 31. Qb7 1-0

[Event "Stare Mesto op"]
[Site "Stare Mesto"]
[Date "2021.08.15"]
[Round "3"]
[White "Kapusta, Petr"]
[Black "Vylicil, Adam"]
[Result "1-0"]
[WhiteElo "2145"]
[BlackElo "1884"]
[PlyCount "51"]
[EventDate "2021.08.13"]
[EventType "swiss"]
[EventRounds "9"]
[EventCountry "CZE"]
[SourceTitle "CBM 203 Extra"]
[Source "ChessBase"]
[SourceDate "2021.09.30"]
[SourceVersion "1"]
[SourceVersionDate "2021.09.30"]
[SourceQuality "1"]

1. e4 e6 2. d4 d5 3. Nd2 Nf6 4. e5 Nfd7 5. Bd3 c5 6. c3 Nc6 7. Ne2 cxd4 8. cxd4 f6 9. exf6 Qxf6 10. Nf3 h6 11. 0-0 Bd6 12. a3 0-0 13. Bc2 Rd8 14. Qd3 Nf8 15. Ng3 Bd7 16. Bd2 Be8 17. Bc3 Rac8 18. Qe2 Bg6 19. Rad1 Bxc2 20. Qxc2 Na5 21. Ne5 Nc4 22. Nh5 Qg5 23. Qe2 g6 24. Ng3 Nxe5 25. dxe5 Bxa3 26. Bd2 1-0

[Event "Skalica Masters op"]
[Site "Skalica"]
[Date "2020.08.24"]
[Round "3"]
[White "Panko, Radoslav"]
[Black "Vylicil, Adam"]
[Result "1/2-1/2"]
[WhiteElo "2039"]
[BlackElo "1879"]
[PlyCount "34"]
[EventDate "2020.08.23"]
[EventType "swiss"]
[EventRounds "9"]
[EventCountry "SVK"]
[SourceTitle "CBM 198 Extra"]
[Source "ChessBase"]
[SourceDate "2020.11.30"]
[SourceVersion "1"]
[SourceVersionDate "2020.11.30"]
[SourceQuality "1"]

1. e4 e6 2. Nf3 d5 3. e5 c5 4. b4 b6 5. a3 Qc7 6. d4 Nc6 7. c3 cxd4 8. cxd4 f6 9. exf6 Nxf6 10. Bb5 Bd6 11. 0-0 0-0 12. Bb2 Bd7 13. Re1 Ne4 14. Bd3 Bxh2+ 15. Nxh2 Nxf2 16. Qe2 Qg3 17. Qe3 Nh3+ 1/2-1/2

[Event "Stare Mesto op"]
[Site "Stare Mesto"]
[Date "2019.08.19"]
[Round "3"]
[White "Olvecky, Jaroslav"]
[Black "Vylicil, Adam"]
[Result "1-0"]
[WhiteElo "1923"]
[BlackElo "1675"]
[PlyCount "91"]
[EventDate "2019.08.17"]
[EventType "swiss"]
[EventRounds "9"]
[EventCountry "CZE"]
[SourceTitle "EXT 2020"]
[Source "ChessBase"]
[SourceDate "2019.10.17"]
[SourceVersion "1"]
[SourceVersionDate "2019.10.17"]
[SourceQuality "1"]

1. d4 c5 2. e3 Nf6 3. Nf3 d5 4. c4 Bf5 5. Nc3 e6 6. cxd5 exd5 7. Bb5+ Bd7 8. Bd3 c4 9. Bc2 Bb4 10. Bd2 0-0 11. 0-0 Bg4 12. h3 Bh5 13. Re1 Nc6 14. g3 Re8 15. Kg2 Ne4 16. g4 Bg6 17. a3 Ba5 18. Nxe4 dxe4 19. Ng1 Bc7 20. Ne2 f5 21. Ng3 f4 22. exf4 Nxd4 23. f5 Bf7 24. Be3 Nxc2 25. Qxc2 Qd3 26. Rac1 Rad8 27. Qe2 Ba5 28. Red1 Qxe2 29. Nxe2 Rd3 30. Nf4 Rb3 31. Bd4 c3 32. Bxc3 Bxc3 33. Rxc3 Rxb2 34. Kg1 Rb3 35. Rc7 e3 36. fxe3 Rbxe3 37. Rdd7 Re1+ 38. Kf2 R1e4 39. Rxf7 Rxf4+ 40. Kg3 Ra4 41. Rxg7+ Kh8 42. Rxh7+ Kg8 43. Rhg7+ Kh8 44. Rxb7 Rxa3+ 45. Kh4 Ree3 46. Rgc7 1-0